Loading...
| History - Other | 0 | 4 | 0 | 1 | 40 | 24 | 63.00 | 2 | 2 | 15.06 | 25.25 |
| Religion | 0 | 3 | 1 | 0 | 25 | 29 | 50.00 | 0 | 1 | 14.43 | 18.18 |
| History - World | 0 | 3 | 2 | 0 | 20 | 19 | 31.00 | 2 | 3 | 19.20 | 23.23 |
| Fine Arts - Classical Music | 0 | 2 | 0 | 0 | 20 | 84 | 95.00 | 0 | 0 | 2.62 | 7.07 |
| Fine Arts - Other | 0 | 2 | 0 | 0 | 20 | 24 | 30.50 | 1 | 2 | 13.42 | 15.15 |
| Science - Chemistry | 0 | 3 | 2 | 1 | 20 | 61 | 72.33 | 0 | 1 | 6.93 | 18.18 |
| Mythology | 0 | 2 | 1 | 0 | 15 | 49 | 62.50 | 0 | 2 | 8.12 | 11.11 |
| History - American | 0 | 1 | 0 | 0 | 10 | 99 | 99.00 | 0 | 0 | 0.83 | 2.02 |
| Science - Other | 0 | 1 | 0 | 0 | 10 | 54 | 54.00 | 0 | 1 | 4.67 | 7.07 |
| Current Events | 0 | 1 | 1 | 0 | 5 | 56 | 56.00 | 0 | 0 | 9.63 | 8.89 |
| Science - Biology | 0 | 2 | 3 | 0 | 5 | 59 | 60.50 | 0 | 0 | 6.99 | 8.08 |
| Science - Physics | 0 | 1 | 1 | 0 | 5 | 52 | 52.00 | 0 | 0 | 4.46 | 5.05 |
| Fine Arts - Painting and Sculpture | 0 | 0 | 0 | 0 | 0 | 0.00 | 0 | 0 | 0.00 | 0.00 | |
| Literature - World | 0 | 0 | 0 | 0 | 0 | 0.00 | 0 | 0 | 0.00 | 0.00 |